The discursive behaviour of Jordanian learners of English in constructing the identity of a group leader
Saved in:
| 主要作者: | |
|---|---|
| 格式: | Thesis 图书 |
| 语言: | English |
| 主题: | |
| 标签: |
添加标签
没有标签, 成为第一个标记此记录!
|
| LEADER | 01177cam a2200277 7i4500 | ||
|---|---|---|---|
| 001 | 0000099994 | ||
| 005 | 20210418090000.0 | ||
| 008 | 210308s2020 my eng | ||
| 040 | |a UniSZA | ||
| 050 | 0 | 0 | |a on order |
| 090 | 0 | 0 | |a on order |
| 100 | 1 | |a Alali, Omar Mohammad |e author | |
| 245 | 1 | 4 | |a The discursive behaviour of Jordanian learners of English in constructing the identity of a group leader |c Omar Mohammad Alali. |
| 264 | 0 | |c 2020. | |
| 300 | |a xi, 197 leaves; |c 31 cm. | ||
| 336 | |a text |2 rdacontent | ||
| 337 | |a unmediated |2 rdamedia | ||
| 338 | |a volume |2 rdacarrier | ||
| 502 | |a Thesis (Doctor of Philosophy ) - Universiti Sultan Zainal Abidin, 2020 | ||
| 504 | |a Includes bibliographical references (leaves 196) | ||
| 505 | 0 | |a 1. Introduction -- 2. Literature review -- 3. Methodology -- 4. Data analysis -- 5. Discussion -- 6. Conclusion | |
| 610 | 2 | 0 | |a Universiti Sultan Zainal Abidin -- |x Faculty of Languages and Communication |
| 610 | 2 | 0 | |a Universiti Sultan Zainal Abidin -- |x Dissertations |
| 650 | 0 | |a Dissertations, Academic | |
| 710 | 2 | |a Universiti Sultan Zainal Abidin | |
| 999 | |a 1000182115 |b Thesis |c Reference |e Badak Bibliographic & Index Unit | ||
